• 首页
  • 本馆介绍
  • 公告通知
  • 最新文献
  • 馆藏检索
  • 电子资源
  • 读者导购
  • 参考咨询
  • 我的图书馆
  • 登录
  • 详细信息显示
  • 放入我的书架
  • 预约/预借图书
  • 作者相关作品
  • 分类相关作品
  • 丛书相关作品
  • 出版社相关作品

书目信息

  • 表格格式
  • 工作单格式
  • 卡片格式
题名:
中晚唐五代科举与社会变迁
    
 
作者: 金滢坤 著
分册:  
出版信息: 北京   人民出版社  2009.09
页数: 332页
开本: 23cm
丛书名:
单 册:
中图分类: D691.3
科图分类:
主题词: 科举制度--影响--社会变迁--研究--中国--唐代 , 科举制度--影响--社会变迁--研究--中国--五代 , 科举制度 , 社会变迁
电子资源:
ISBN: 978-7-01-008071-0
000 01033nam0 2200277 450
001 010700081144
005 20120618152146.76
010    @a978-7-01-008071-0@dCNY45.00
100    @a20091105d2009 em y0chiy0110 ea
101 0  @achi
102    @aCN@b110000
105    @ay z 000yy
106    @ar
200 1  @a中晚唐五代科举与社会变迁@9zhong wan tang wu dai ke ju yu she hui bian qian@f金滢坤著
210    @a北京@c人民出版社@d2009.09
215    @a332页@d23cm
300    @a2006年度国家社会科学基金青年项目 2004年度北京市优秀人才专项经费资助D类项目
330    @a本书共分六章,主要介绍了中晚唐五代科举考试程序的完善与变革;中晚唐五代科举省试与社会变迁;中晚唐五代科举与选官制度的变迁;中晚唐五代科举与入幕的关系等内容。
606 0  @a科举制度@x影响@x社会变迁@x研究@y中国@z唐代
606 0  @a科举制度@x影响@x社会变迁@x研究@y中国@z五代
606 0  @a科举制度
606 0  @a社会变迁
690    @aD691.3@v4
701  0 @a金滢坤@9jin ying kun@f(1972~)@4著
801  0 @aCN@bRENTIAN@c20091105
905    @b540613-17@dD691.3@e175@f5
    
    中晚唐五代科举与社会变迁/金滢坤著.-北京:人民出版社,2009.09
    332页;23cm
    2006年度国家社会科学基金青年项目 2004年度北京市优秀人才专项经费资助D类项目
    
    ISBN 978-7-01-008071-0:CNY45.00
    本书共分六章,主要介绍了中晚唐五代科举考试程序的完善与变革;中晚唐五代科举省试与社会变迁;中晚唐五代科举与选官制度的变迁;中晚唐五代科举与入幕的关系等内容。
●
相关链接 在E读中查询图书 在五车中查询图书 在当当中查询图书 在豆瓣中查询图书


正题名:中晚唐五代科举与社会变迁     索取号:D691.3/175         预约/预借

序号 登录号 条形码 馆藏地/架位号 状态 备注
1 540613   205406130   第一样本阅览室/ [索取号:D691.3/175] 在馆    
2 540614   205406149   第一借阅区/ [索取号:D691.3/175] 在馆    
3 540615   205406158   第一借阅区/ [索取号:D691.3/175] 在馆    
4 540616   205406167   第一借阅区/ [索取号:D691.3/175] 在馆    
5 540617   205406176   第一借阅区/ [索取号:D691.3/175] 在馆    
唐山师范学院图书馆 欢迎您!
大连网信软件有限公司© 版权所有